Vývoj zahraničnoobchodnej spolupráce krajín ázijsko-pacifického regiónu bakalárska práca

Guardado en:
Detalles Bibliográficos
Autor principal: Hoang Thi, Minh Thu
Autor Corporativo: Fakulta medzinárodných vzťahov EU. Katedra medzinárodných ekonomických vzťahov a hospodárskej diplomacie
Otros Autores: Grešš, Martin, 1978-
Formato: Libro
Lenguaje:eslovaco
Publicado: Bratislava 2021
Etiquetas: Agregar Etiqueta
Sin Etiquetas, Sea el primero en etiquetar este registro!

MARC

LEADER 00000nbm a2200000 4500
001 0278167
005 20220222102028.6
041 0 |a slo 
044 |a SK 
245 1 0 |a Vývoj zahraničnoobchodnej spolupráce krajín ázijsko-pacifického regiónu  |b bakalárska práca  |c Minh Thu Hoang Thi ; školiteľ: Martin Grešš 
264 1 |a Bratislava  |c 2021 
300 |a 55 s. 
100 1 |a Hoang Thi, Minh Thu 
700 1 |a Grešš, Martin, 1978- 
710 2 |a Fakulta medzinárodných vzťahov EU. Katedra medzinárodných ekonomických vzťahov a hospodárskej diplomacie